The Lego Movie Q&A - Statistics

General Stats
  • This quiz has been taken 40 times
    39 since last reset
  • The average score is 7 of 11
Answer Stats
Question Answer % Correct
What is the name of the superweapon that can freeze the universe? The Kragle
97%
Who are the Superheroes that are Master Builders? Batman, Superman, The Flash, Wonder Woman, Green Lantern
94%
What is the awesome song that is featured 4 times in The Lego Movie? Everything is Awesome
81%
What is the only thing that can stop the above? The Piece of Resistance
72%
What does President Business call the day that he plans to freeze the universe on? Taco Tuesday
66%
What does Middle Zealand have? Castles, Knights, Illiteracy, Poverty, Royalty, and DRAGONS!!!!!!
63%
What invention saves the Master Builders when their submarine explodes? The Double-Decker Couch
59%
Where does Emmet work? The Construction Site
56%
What is the company that President Business is the president of? The Octan Corporation
53%
What does TAKOS stand for? Tentacle Arm Kragle Ouside Sprayer
28%
What are President Buisness's business robots called? Executrons
9%
No matching quizzes found
Score Distribution
Percent of People with Each Score
Percentile by Number Answered
Your Score History
You have not taken this quiz since the last reset